Statystyki dla Polskie kluby piłkarskie z występami w Ekstraklasie w XXI w.

Kliknij tutaj aby rozwiązać quiz!

Ogólne statystyki

  • Ten quiz został rozwiązany 8 947 razy
    (1 976 od ostatniego zresetowania)
  • Średni wynik to 28 z 43

Statystyki odpowiedzi

Ilość sezonówMistrzostwo w XXI w.Obecnie gra w:SezonyKlub% Poprawnych
249PKO Ekstraklasa00/01-23/24Legia Warszawa
99%
223PKO Ekstraklasa02/03-23/24Lech Poznań
97%
227Fortuna 1 Liga00/01-21/22Wisła Kraków
93%
15-Fortuna 1 Liga08/09-22/23Lechia Gdańsk
89%
6-PKO Ekstraklasa06/07-08/09 11/12 19/20 23/24Łódzki Klub Sportowy
89%
12-PKO Ekstraklasa00/01-03/04 06/07-07/08 10/11-13/14 22/23-23/24Widzew Łódź
88%
18-PKO Ekstraklasa00/01-02/03 04/05-06/07 12/13-23/24Pogoń Szczecin
87%
14-PKO Ekstraklasa00/01-02/03 07/08-16/17 23/24Ruch Chorzów
87%
51PKO Ekstraklasa19/20-23/24Raków Częstochowa
86%
181PKO Ekstraklasa00/01-01/02 08/09-23/24Śląsk Wrocław
86%
9-Fortuna 1 Liga05/06-06/07 08/09-10/11 16/17-19/20Arka Gdynia
85%
19-PKO Ekstraklasa04/05-11/12 13/14-23/24Cracovia
85%
22-PKO Ekstraklasa00/01-08/09 10/11-15/16 17/18-23/24Górnik Zabrze
84%
17-PKO Ekstraklasa07/08-23/24Jagiellonia Białystok
84%
211PKO Ekstraklasa00/01-02/03 04/05-07/08 09/10-13/14 15/16-23/24Zagłębie Lubin
80%
11-Fortuna 1 Liga00/01-05/06 08/09-12/13Polonia Warszawa
78%
16-PKO Ekstraklasa05/06-07/08 09/10-19/20 22/23-23/24Korona Kielce
77%
4-PKO Ekstraklasa20/21-23/24Warta Poznań
77%
141PKO Ekstraklasa08/09-09/10 12/13-23/24Piast Gliwice
76%
13-Fortuna 1 Liga00/01 02/03-06/07 16/17-22/23Wisła Płock
76%
1-PKO Ekstraklasa23/24Puszcza Niepołomice
74%
4-PKO Ekstraklasa20/21-23/24Stal Mielec
71%
3-PKO Ekstraklasa21/22-23/24Radomiak Radom
70%
4-Fortuna 1 Liga15/16-17/18 21/22Bruk-Bet Termalica Nieciecza
69%
5-Fortuna 1 Liga00/01-04/05GKS Katowice
67%
2-Fortuna 1 Liga18/19 22/23Miedź Legnica
67%
2-Fortuna 1 Liga07/08 18/19Zagłębie Sosnowiec
65%
8-Fortuna 1 Liga03/04-06/07 14/15-16/17 21/22Górnik Łęczna
60%
2-3 Liga gr.II13/14-14/15Zawisza Bydgoszcz
58%
6-Fortuna 1 Liga11/12-15/16 20/21Podbeskidzie Bielsko-Biała
55%
6-*Nieistnieje*00/01-05/06Amica Wronki
54%
4-eWinner 2 Liga07/08-10/11Polonia Bytom
54%
9-3 Liga gr.I05/06-12/13 14/15GKS Bełchatów
49%
1-eWinner 2 Liga17/18Sandecja Nowy Sącz
49%
8-Wielkopolska 5 Liga gr.II00/01-07/08Dyskobolia Grodzisk Wielkopolski
42%
2-eWinner 2 Liga00/01-01/02Stomil Olsztyn
40%
10-4 Liga Śląska gr.II00/01-09/10Odra Wodzisław Śląski
35%
1-3 Liga gr.III03/04Górnik Polkowice
20%
2-3 Liga gr.IV01/02-02/03KSZO Ostrowiec Świętokrzyski
20%
1-Śląska 4 Liga gr.I00/01Ruch Radzionków
17%
1-3 Liga gr.I03/04Świt Nowy Dwór Mazowiecki
16%
1-Łódzka 4 Liga01/02RKS Radomsko
15%
1-Śląska 4 Liga gr.I02/03Szczakowianka Jaworzno
14%

Rozkład punktacji

Percentyl według liczby udzielonych odpowiedzi

Procent ludzi z każdym wynikiem

Twoja historia wyników

Nie rozwiązałeś tego quizu od ostatniego zresetowania